Polka Party! - Statistics

General Stats
  • This quiz has been taken 3 times
  • The average score is 8 of 10
Answer Stats
Song % Correct
Addicted to Spuds
100%
Christmas at Ground Zero
100%
Dog Eat Dog
100%
Here's Johnny
100%
Living With A Hernia
100%
Toothless People
100%
Don't Wear Those Shoes
50%
One of Those Days
50%
Polka Party!
50%
Good Enough For Now
0%
No matching quizzes found
Score Distribution
Percent of People with Each Score
Percentile by Number Answered
Your Score History
You have not taken this quiz